<?xml version="1.0" encoding="UTF-8"?>
<record
    xmlns:xsi="http://www.w3.org/2001/XMLSchema-instance"
    xsi:schemaLocation="http://www.loc.gov/MARC21/slim http://www.loc.gov/standards/marcxml/schema/MARC21slim.xsd"
    xmlns="http://www.loc.gov/MARC21/slim">

  <leader>00692na  a2200229   4500</leader>
  <controlfield tag="001">13890</controlfield>
  <controlfield tag="003">MIRAKIL</controlfield>
  <controlfield tag="005">20181213154735.0</controlfield>
  <controlfield tag="008">160819b        tu            000 0      </controlfield>
  <datafield tag="020" ind1=" " ind2=" ">
    <subfield code="a">9789759389826</subfield>
  </datafield>
  <datafield tag="035" ind1=" " ind2=" ">
    <subfield code="a">13890</subfield>
  </datafield>
  <datafield tag="040" ind1=" " ind2=" ">
    <subfield code="a">Milas</subfield>
    <subfield code="b">tur</subfield>
    <subfield code="c">TR-AnCHP</subfield>
  </datafield>
  <datafield tag="082" ind1=" " ind2=" ">
    <subfield code="a">ATA 956.1024</subfield>
    <subfield code="b">E62a 2007</subfield>
  </datafield>
  <datafield tag="090" ind1=" " ind2=" ">
    <subfield code="a">ATA 956.1024 E62a 2007</subfield>
  </datafield>
  <datafield tag="100" ind1=" " ind2=" ">
    <subfield code="a">Erdo&#x11F;an, Kutluay</subfield>
  </datafield>
  <datafield tag="245" ind1=" " ind2=" ">
    <subfield code="a">Atat&#xFC;rk&#xE7;e d&#xFC;&#x15F;&#xFC;ncelerim</subfield>
    <subfield code="b">Atat&#xFC;rk &#x130;lkeleri ve T&#xFC;rk Devrimi</subfield>
    <subfield code="c">Kutluay Erdo&#x11F;an</subfield>
  </datafield>
  <datafield tag="246" ind1=" " ind2=" ">
    <subfield code="a">Atat&#xFC;rk &#x130;lkeleri ve T&#xFC;rk Devrimi</subfield>
  </datafield>
  <datafield tag="260" ind1=" " ind2=" ">
    <subfield code="a">[y.y.]</subfield>
    <subfield code="b">[yayl.y.]</subfield>
    <subfield code="c">2007</subfield>
  </datafield>
  <datafield tag="300" ind1=" " ind2=" ">
    <subfield code="a">181 s.</subfield>
    <subfield code="c">22 sm.</subfield>
  </datafield>
  <datafield tag="600" ind1=" " ind2=" ">
    <subfield code="a">Atat&#xFC;rk, Mustafa Kemal</subfield>
    <subfield code="d">1881-1938</subfield>
    <subfield code="x">Atat&#xFC;rk devrimleri</subfield>
  </datafield>
  <datafield tag="942" ind1=" " ind2=" ">
    <subfield code="2">ddc</subfield>
    <subfield code="c">BKS</subfield>
  </datafield>
  <datafield tag="952" ind1=" " ind2=" ">
    <subfield code="a">0001</subfield>
    <subfield code="b">0001</subfield>
    <subfield code="d">2016-08-19</subfield>
    <subfield code="e">2</subfield>
    <subfield code="l">0</subfield>
    <subfield code="o">ATA 956.1024 E62a 2007</subfield>
    <subfield code="p">001725</subfield>
    <subfield code="r">2016-08-19 00:00:00</subfield>
    <subfield code="v">0.00</subfield>
    <subfield code="w">2016-08-19</subfield>
    <subfield code="y">BKS</subfield>
  </datafield>
  <datafield tag="999" ind1=" " ind2=" ">
    <subfield code="c">145</subfield>
    <subfield code="d">145</subfield>
  </datafield>
</record>
